Powiaty na podstawie miast - Statystyki

Ogólne statystyki
  • Ten quiz został rozwiązany 23 razy
  • Średni wynik to 7 z 16
Statystyki odpowiedzi
Miasto Województwo Powiat % Poprawnych
Niemodlin Opolskie Opolski
65%
Pelpin Pomorskie Tczewski
65%
Szczebrzeszyn Lubelskie Zamojski
65%
Górowo iławeckie Warmińskomazurskie Bartoszycki
61%
Rewal Zachodniopomorskie Gryficki
61%
Jedlicze Podkarpackie Krośnieński
52%
Knyszyn Podlaskie Moniecki
52%
Sułkowice Małopolskie Myślenicki
52%
Sława Lubuskie Wschowski
52%
Mszczonów Mazowieckie Żyrardowski
52%
Strzegom Dolnośląskie Świdnicki
39%
Lyski Śląskie Rybnicki
35%
Dobra Wielkopolskie Turecki
30%
Sadki Kujawskopomorskie Nakielski
22%
Sadowie Świętokrzyskie Opatowski
22%
Kluki Łódzkie Bełchatowski
13%
Nie znaleziono quizów pasujących do podanych kryteriów
Rozkład punktacji
Procent ludzi z każdym wynikiem
Percentyl według liczby udzielonych odpowiedzi
Twoja historia wyników
Nie rozwiązałeś tego quizu